Cities by coat of armys - Statistics

General Stats
  • This quiz has been taken 43 times
  • The average score is 7 of 12
Answer Stats
Picture Answer % Correct
Berlin
85%
Jerusalem
79%
Barcelona
71%
Madrid
71%
Zagreb
71%
Amsterdam
68%
Washington D.C.
65%
Budapest
50%
Split
47%
Tokyo
44%
Milan
41%
Dubrovnik
32%
No matching quizzes found
Score Distribution
Percent of People with Each Score
Percentile by Number Answered
Your Score History
You have not taken this quiz